Human-robot interaction
Saved in:
| Other Authors: | , |
|---|---|
| Format: | Book |
| Language: | English |
| Published: |
London : Washington, DC :
Taylor & Francis,
1992
|
| Subjects: | |
| Tags: |
Add Tag
No Tags, Be the first to tag this record!
|
MARC
| LEADER | 00000cam a2200000 i 4500 | ||
|---|---|---|---|
| 001 | 1/27215 | ||
| 008 | 950726s1992 eng d | ||
| 020 | |a 0850668093 | ||
| 035 | |l 10022816 | ||
| 040 | |a GR-MY-UA |b gre |e aacr | ||
| 041 | 0 | |a eng | |
| 082 | 0 | |a 629.892 | |
| 245 | 1 | 0 | |a Human-robot interaction / |c edited by Mansour Rahimi and Waldemar Karwowski |
| 260 | |a London : |a Washington, DC : |b Taylor & Francis, |c 1992 | ||
| 300 | |a viii, 378 p.; |b ill.; |c 25 cm | ||
| 504 | |a Includes bibliographical references and index | ||
| 650 | 0 | 0 | |a Robotics. |
| 650 | 0 | 0 | |a Human-machine systems. |
| 700 | 1 | |a Rahimi, Mansour, |e edt | |
| 700 | 1 | |a Karwowski, Waldemar |d 1953- |e edt | |
| 852 | |a INST |b CHIOS |e 19950726 |h 629.892 HUM |p 005200004114 |q 005200004114 |t BK |y 0 | ||
| 852 | |a INST |b CHIOS |e 19960531 |h 629.892 HUM |p 005200004121 |q 005200004121 |t BK |y 0 | ||
| 909 | |a Χ |b 026045 | ||
| 909 | |a Χ |b 023071 | ||